Características de la programación y de las audiencias de la televisión en Costa Rica /
Estudia las características de las programaciones ofrecidas por los canales de televisión en Costa Rica, y el de sus audiencias, en la población urbana central del país. Analiza la naturaleza de los programas, los horarios de transmisión y los países de procedencia. Determina la composición y los pú...
Guardado en:
| Hovedforfatter: | |
|---|---|
| Andre forfattere: | , , , |
| Format: | Texto |
| Udgivet: |
San José:
Universidad de Costa Rica
|
| Fag: | |
| Tags: |
Tilføj Tag
Ingen Tags, Vær først til at tagge denne postø!
|
MARC
| LEADER | 00000 a a2200000 04500 | ||
|---|---|---|---|
| 001 | 20247 | ||
| 003 | |||
| 040 | |||
| 090 | |a 083800 | ||
| 100 | |a Guerra, Tomás | ||
| 245 | |a Características de la programación y de las audiencias de la televisión en Costa Rica / |c Tomás Guerra | ||
| 260 | |a San José: |b Universidad de Costa Rica | ||
| 300 | |a 125 p. | ||
| 520 | |a Estudia las características de las programaciones ofrecidas por los canales de televisión en Costa Rica, y el de sus audiencias, en la población urbana central del país. Analiza la naturaleza de los programas, los horarios de transmisión y los países de procedencia. Determina la composición y los públicos de los distintos canales y de las diferentes programaciones atendiendo al sexo, edad nivel de estudios y ocupación de los televidentes. Realiza un sondeo sobre los niveles de credibilidad de los órganos informativos de la televisión, con relación a otros medios informativos./ACM | ||
| 650 | |a COSTA RICA | ||
| 650 | |a TELEVISION | ||
| 650 | |a ANALISIS DE CONTENIDO | ||
| 650 | |a ENCUESTAS SOCIALES | ||
| 650 | |a MEDIOS DE COMUNICACION DE MASAS | ||
| 700 | |a Gudiño, Arturo | ||
| 700 | |a Monge, Olivia | ||
| 700 | |a Corea, Gonzalo | ||
| 700 | |a Sequeira, Maricel | ||
| 999 | |c 13290 |d 13290 | ||
